Technology of food preservation / (Record no. 15410)
[ view plain ]
| 000 -LEADER | |
|---|---|
| fixed length control field | 00315cam a2200121ua 4500 |
| 082 ## - DEWEY DECIMAL CLASSIFICATION NUMBER | |
| Classification number | 664.028 |
| Item number | DES/TH |
| 100 ## - MAIN ENTRY--AUTHOR NAME | |
| Personal name | Norman, W Desrosier . |
| 245 ## - TITLE STATEMENT | |
| Title | Technology of food preservation / |
| 250 ## - EDITION STATEMENT | |
| Edition statement | 4 / |
| 260 ## - PUBLICATION, DISTRIBUTION, ETC. (IMPRINT) | |
| Place of publication | New Delhi : |
| Name of publisher | C B S Publishers & Distributers. |
| Year of publication | 2004 |
| 300 ## - PHYSICAL DESCRIPTION | |
| Number of Pages | 558 ; . |
| 942 ## - ADDED ENTRY ELEMENTS (KOHA) | |
| Koha item type | Books |
| Withdrawn status | Lost status | Damaged status | Collection code | Home library | Current library | Shelving location | Date acquired | Source of acquisition | Cost, normal purchase price | Full call number | Accession Number | Koha item type |
|---|---|---|---|---|---|---|---|---|---|---|---|---|
| KAUAET | KAUAET | General Stacks | 31/03/2018 | Vigyan Books | 395.00 | 664.028 DES/TH | 25706 | Books | ||||
| KAUAET | KAUAET | General Stacks | 31/03/2018 | Vigyan Books | 395.00 | 664.028 DES/TH | 25707 | Books |
